000
00274nam a2200133Ia 4500
100
_a
Kumbhojkar/G.v
650
_a
Mathematics
942
_c
BK
245
_a
Applied Mathematics 1
260
_b
C.Jamnadas and Co
_c
2012
082
_b
KUM
546
_a
ENGLISH
999
_c
24018
_d
24018